AIDS in South Asia (Record no. 13133)

000 -LEADER
fixed length control field 00580cam a22001814a 4500
020 ## - INTERNATIONAL STANDARD BOOK NUMBER
ISBN 0821367579
020 ## - INTERNATIONAL STANDARD BOOK NUMBER
ISBN 9780821367575
040 ## - CATALOGING SOURCE
Transcribing agency DLC
082 00 - DEWEY DECIMAL CLASSIFICATION NUMBER
Classification number 362 WOR 2006 A013 Or.
245 00 - TITLE STATEMENT
Title AIDS in South Asia
Remainder of title understanding and responding to a heterogeneous epidemic /
260 ## - PUBLICATION, DISTRIBUTION, ETC. (IMPRINT)
Place of publication Washington, DC :
Name of publisher World Bank,
Year of publication c2006.
300 ## - PHYSICAL DESCRIPTION
Number of Pages xxii, 113 p. :
Other physical details ill. ;
Dimensions 23 cm.
490 1# - SERIES STATEMENT
Series statement Health, nutrition, and population series
650 #0 - SUBJECT ADDED ENTRY--TOPICAL TERM
Topical Term AIDS (Disease)
700 1# - ADDED ENTRY--PERSONAL NAME
Personal name Moses, Stephen A.
856 40 - ELECTRONIC LOCATION AND ACCESS
Uniform Resource Identifier http://elibrary.worldbank.org/content/book/9780821367575
942 ## - ADDED ENTRY ELEMENTS (KOHA)
Koha item type សៀវភៅភាសាអង់គ្លេស
952 ## - LOCATION AND ITEM INFORMATION (KOHA)
Withdrawn status [LOCAL, KOHA] 0
Holdings
Permanent Location Date acquired Koha item type Lost status Shelving location Barcode Current Location Full call number
Library Block A2017-08-20សៀវភៅភាសាអង់គ្លេស A013A20736Library Block A362 WOR 2006 A013 Or.
មជ្ឈមណ្ឌលឯការនៃសាកលវិទ្យាល័យភូមិន្ទកសិកម្មចំការដូង

Powered by Koha